1215 1477 1012 1509 1589 1977 1424 1883 1633 1957 1425 1394 1004 1342 1673 1086 1724 1932 1179 1541 1937 1238 1068 1728 1394 1277 1443 1897 1976 1814 1318 1537 1463 1779 1910 1411 1838 1207 1771 1607 1619 1984 1555 1511 1118 1178 1224 1480 1183 1329 1579 1941 1390 1322 1082 1325 1814 1765 1188 1899 1600 1744 1793 1511 1483 1069 1582 1478 1157 1131 1731 1941 1765 1913 1981 1259 1889 1405 1227 1657 1757 1772 1736 1310 1051 1132 1898 1326 1779 1615 1050 1339 1878 1620 1660 1815 1002 1755 1837 BCNSPRNW ULIB Ver.6.0+V

เปลี่ยนเป็นภาษาไทย

Change to English
 แสดงรายละเอียดบรรณานุกรม
  กลับหน้าหลัก

Brief Record : Get Marc (ISO 2709) : E-mail record : QR code < ปิดหน้าต่าง
LEADER : 00000nam 2200000uu 4500
001    13399111296
003     ULIB
008    110622s2550||||th 000 0 tha d
020    9789748818771
060 04 WY20.5^bพ872ห 2550
100 0  เพชรน้อย สิงห์ช่างชัย
245 10 หลักการและการใช้วิจัยเชิงคุณภาพสำหรับทางการพยาบาลและสุขภาพ=^bPrinciples and using qualitative research in nursing and health /^cเพชรน้อย สิงห์ช่างชัย
246 31 Principles and using qualitative research in nursing andhealth
250    พิมพ์ครั้งที่ 1
260    สงขลา :^bชานเมืองการพิมพ์,^c2550
300    ก-จ, 256 หน้า :^cภาพประกอบ ;^c26 ซม.
504    มีบรรณานุกรมและดัชนี
650  7 การพยาบาล
650  7 วิจัย
945    ^p280^l0^i14223
995    เกษร
999    ^aใช้งานได้ทุกระบบ
รายการนี้ยังไม่มีแท็ก
คุณยังไม่ได้ล็อกอิน คุณสามารถมีกิจกรรมร่วมกับเว็บไซต์ได้ แต่ต้องล็อกอินก่อน ::
  ล็อกอิน

รายการสื่อสารสนเทศ

ลำดับที่ ประเภท เลขเรียก/บาร์โค้ด สถานที่ สถานะ
- ไม่พบข้อมูล -

รายการใกล้เคียง
    ผู้แต่ง [เพชรน้อย สิงห์ช่างชัย]

    หัวเรื่อง [การพยาบาล]
    หัวเรื่อง [วิจัย]

BibComment


ยังไม่เคยถูกคอมเมนท์

คอมเมนท์ทรัพยากรรายการนี้
  คอมเมนท์: หลักการและการใช้ว..


 Copyright 2026. Bcnsprnw @Library